Effectiveness of waterbird conservation at phnom tamao zoological garden and wildlife rescue center (ប្រសិទ្ធភាពនៃការអភិរក្សសត្វស្លាបទឹកនៅឧទ្យានសួនសត្វនិងមជ្ឃមណ្ឌលសង្រោះសត្វព្រៃភ្នំតាម៉ៅ) (Record no. 3206)

000 -LEADER
fixed length control field 00720nam a22001577a 4500
003 - CONTROL NUMBER IDENTIFIER
control field OSt
005 - DATE AND TIME OF LATEST TRANSACTION
control field 20151106095300.0
008 - FIXED-LENGTH DATA ELEMENTS--GENERAL INFORMATION
fixed length control field 151106b xxu||||| |||| 00| 0 eng d
040 ## - CATALOGING SOURCE
Transcribing agency RUA
082 ## - DEWEY DECIMAL CLASSIFICATION NUMBER
Classification number FOR CHE 2002 B128 Or.1
100 ## - MAIN ENTRY--PERSONAL NAME
9 (RLIN) 3435
Personal name CHEANG, SOPHEAK.
245 ## - TITLE STATEMENT
Title Effectiveness of waterbird conservation at phnom tamao zoological garden and wildlife rescue center (ប្រសិទ្ធភាពនៃការអភិរក្សសត្វស្លាបទឹកនៅឧទ្យានសួនសត្វនិងមជ្ឃមណ្ឌលសង្រោះសត្វព្រៃភ្នំតាម៉ៅ)
260 ## - PUBLICATION, DISTRIBUTION, ETC. (IMPRINT)
Place of publication, distribution, etc. Phnom Penh
Name of publisher, distributor, etc. RUA
Date of publication, distribution, etc. 2002
300 ## - PHYSICAL DESCRIPTION
Extent 59p.
Other physical details ill.
Dimensions 29cm.
942 ## - ADDED ENTRY ELEMENTS (KOHA)
Source of classification or shelving scheme
Koha item type FOR
Holdings
Price effective from Date last seen Permanent Location Not for loan Date acquired Source of classification or shelving scheme Koha item type Lost status Withdrawn status Date last checked out Total Checkouts Shelving location Damaged status Barcode Current Location Full call number
2015-11-062015-11-06Library Block B 2015-11-06 FOR    B128 RUA028260Library Block BFOR CHE 2002 B128 Or.1
2015-11-062015-11-06Library Block B 2015-11-06 FOR    B128 RUA028077Library Block BFOR CHE 2002 B128 Or.2
2015-11-062018-12-03Library Block B 2015-11-06 FOR  2018-11-141B128 RUA028005Library Block BFOR CHE 2002 B128 Or.3
2015-11-062015-11-06Library Block B 2015-11-06 FOR    B128 RUA028725Library Block BFOR CHE 2002 B128 Or.4
2015-11-062015-11-06Library Block B 2015-11-06 FOR    B128 RUA028188Library Block BFOR CHE 2002 B128 Or.5
មជ្ឈមណ្ឌលឯការនៃសាកលវិទ្យាល័យភូមិន្ទកសិកម្មចំការដូង

Powered by Koha